[Event "BRA-ch sf"]
[Site "Vitoria"]
[Date "2003.09.05"]
[Round "2"]
[White "Lage, Sergio Correa Magal"]
[Black "Barros, Eduardo F"]
[Result "1-0"]
[WhiteElo "1837"]
[BlackElo "1800"]
[PlyCount "53"]
[EventDate "2003.09.??"]
[EventType "swiss"]
[EventRounds "7"]
[EventCountry "BRA"]
[SourceTitle "EXT 2006"]
[Source "ChessBase"]
[SourceDate "2005.11.24"]
[SourceVersion "1"]
[SourceVersionDate "2005.11.24"]
[SourceQuality "1"]

1. d4 Nf6 2. c4 c5 3. d5 e6 4. dxe6 fxe6 5. Nf3 Nc6 6. Nc3 d5 7. Bg5 d4 8. Bxf6 Qxf6 9. Ne4 Qd8 10. g3 Be7 11. Bg2 0-0 12. 0-0 e5 13. a3 Bf5 14. Ne1 Qc7 15. Nd3 Bxe4 16. Bxe4 Rf7 17. Bd5 Raf8 18. Rb1 Kh8 19. Bxf7 Rxf7 20. e4 b6 21. f4 Bf6 22. fxe5 Nxe5 23. Nxe5 Qxe5 24. Qd3 Re7 25. Rbe1 Kg8 26. Rf5 Qe6 27. e5 1-0